Music Quiz

Random Music or Lyrics Quiz

Van Halen: Who Sang It? Quiz Stats

 Plays Quiz Updated Feb 1, 2018

Also try: Opening Lyrics
Challenge
Share
Tweet
Embed
Score 0/24 Timer 04:00
0 Plays Today
Lyric Singer % Correct
'I brought my pencil' 'Gimme something to write on, man' ???
87.2%
Have you seen Junior's grades????
86.2%
Ah, you reach down, between my legs and ease the seat back. ???
85.7%
You'll get some leg tonight for sure!???
80.8%
I ain't the worst that you've seen.???
80.5%
See now all my flavors are guaranteed to satisfy???
78.5%
You know you're semi-good lookin'???
77.8%
Such good photography !???
74.2%
And all I've got I had to steal???
72.3%
I feel her from across the room???
70.3%
Baby just spread your wings???
69.5%
I got a drink in my hand; I got my toes in the sand.???
67.4%
Lyric Singer % Correct
Turn this thing around???
65.7%
We're gonna feel this thing together???
64.9%
Baby this blows 'em all away ???
64.3%
Cause something reached out and touched me???
63.7%
Ohh there she stands in a silken gown???
58.7%
She knows what love is for???
56.2%
You break my balls with all your crap???
54%
I just wanna sink my teeth in that fine piece of real estate???
52.3%
Slip n' slide, push it in???
51.7%
Gonna make her feel nice???
50.8%
I got the tools. I'll satisfy ya???
47.4%
Gimme some of that???
45.8%

You're not logged in!

Compare scores with friends on all Sporcle quizzes.
OR
Log In

You Might Also Like...

Show Comments

Extras

Top Quizzes Today


Score Distribution

Your Account Isn't Verified!

In order to create a playlist on Sporcle, you need to verify the email address you used during registration. Go to your Sporcle Settings to finish the process.

Report this User

Report this user for behavior that violates our Community Guidelines.

Details: